Незаймані сніги (Запис № 370526)

МАРК-запис
000 -Лідер
fixed length control field 00677nam a22002297a 4500
003 - Ідентифікатор контрольного номера
control field UA-OsUOA
001 - Контрольний номер
control field 84172
007 - Фіксоване поле фізичного опису
fixed length control field ta
008 - Елементи даних фіксованої довжини – загальна інформація
fixed length control field 20120521b un ||||| |||| 00| 0 ukr d
090 ## - Локальний шифр розміщення
Класифікаційний індекс УДК 82.09
Авторський знак (НП) Г96
040 ## - Джерело каталогізації
Агенція оригінальної каталогізації UA-OsUOA
Мова каталогізації ukr
Агенція, яка здійснювала перезапис UA-OsUOA
Агенція, яка здійснювала модифікацію UA-OsUOA
041 ## - Код мови
Код мови тексту/ звукової доріжки чи окремого заголовка (П) ukr
080 ## - Індекс Універсальної десяткової класифікації
Індекс Універсальної десяткової класифікації (УДК) (НП) 82.09
100 ## - Основне введення – ім’я особи
Ім’я особи (НП) Гусейнов Г.Д.
245 ## - Відомості про назву
Назва (НП) Незаймані сніги
Решта назви (НП) оповіді пошуків та знахідок
260 ## - Публікація, розповсюдження і т.п. (Вихідні дані)
Місце публікації, розповсюдження і т.п. (П) Кривий Ріг
Ім’я/ наймення видавництва, розповсюджувача і т.п. (П) Бібліотечка "Саксагані"
Дата публікації, розповсюдження і т.п. (П) 1993
300 ## - Фізичний опис
Обсяг 160 с.
650 #7 - Додаткове предметне введення – тематичний термін
Тематичний термін чи географічна назва, як елемент введення (НП) 82 Література. Літературознавство
Джерело заголовка чи терміна UDC
942 ## - Додаткові елементи входу (Коха)
Тип елемента Koha Книги
955 ## - Код типу видання за змістом
Код типу видання за змістом (НП) Навчальні видання
Фонди
Стан вилучень Стан втрат Джерело класифікації або схеми стелажів Стан уражень Не для кредиту Код колекції Постійне місце розташування Поточне розміщення Дата придбання Джерело придбання Вартість, звичайна ціна покупки Інвентарний номер Усього замовленно Повний номер виклику Штрих-код Дата останнього перегляду Ціна ефективна від Тип елемента Koha
    Universal Decimal Classification       АБ - Абонемент НБ АБ - Абонемент НБ 08/11/2012     55994   82.09 Г96 55994 22/02/2022 21/05/2012 Книги
    Universal Decimal Classification       АБ - Абонемент НБ АБ - Абонемент НБ 08/11/2012     55995   82.09 Г96 55995 22/02/2022 21/05/2012 Книги
    Universal Decimal Classification     Колекція Пасічника І.Д. ЧЗ - Читальна зала ЧЗ - Читальна зала 21/05/2012 44/2012 9.00 138458   82.09 Г96 138458 07/02/2022 21/05/2012 Книги